Which Beatle Sang It? Click Quiz #5 - Statistics

General Stats
  • This quiz has been taken 532 times
  • The average score is 14 of 20
Answer Stats
Hint Answer % Correct
Glass Onion John Lennon
81%
Martha My Dear Paul McCartney
81%
Her Majesty Paul McCartney
79%
You Never Give Me Your Money Paul McCartney
76%
Your Mother Should Know Paul McCartney
75%
I Want You (She's So Heavy) John Lennon
74%
I'm a Loser John Lennon
74%
Lovely Rita Paul McCartney
74%
Being for the Benefit of Mr. Kite! John Lennon
73%
Dig A Pony John Lennon
73%
Drive My Car Paul McCartney
72%
Doctor Robert John Lennon
71%
Blue Jay Way George Harrison
69%
And Your Bird Can Sing John Lennon
65%
Savoy Truffle George Harrison
64%
Mother Nature's Son Paul McCartney
62%
Good Morning Good Morning John Lennon
59%
What Goes On Ringo Starr
53%
Do You Want To Know A Secret George Harrison
52%
You Like Me Too Much George Harrison
51%
No matching quizzes found
Score Distribution
Percent of People with Each Score
Percentile by Number Answered
Your Score History
You have not taken this quiz